000 00733cab a2200217 4500
001 ABS39007
008 090401t1988 xxu||||| |||| 00| 0 eng d
035 _a(Sirsi) u13751
041 _aeng
245 _aInformation technology
260 _c1988
350 _a0
490 _aArchitects` Journal
_v20 April 1988 Supplement (LOAN)
520 _aSupplement on information technology including articles on 3-D design , education and training courses, using CAD bureaux, functions of hardware and software, intelligent buildings and standardisation of systems.
650 _aARCHITECTURE
650 _aCOMPUTERS
650 _aRANK XEROX
690 _aBUILDING AND CONSTRUCTION-COMPUTERS
942 _n0
948 _c04/03/1997
999 _c8857
_d8857